[Event "Crete Poa op"]
[Site "Crete"]
[Date "2012.04.29"]
[Round "7"]
[White "Kalikakis, Nikolaos"]
[Black "Sbokos, Emmanouil"]
[Result "1-0"]
[WhiteElo "1010"]
[BlackElo "1005"]
[PlyCount "69"]
[EventDate "2012.04.26"]
[EventType "swiss"]
[EventRounds "7"]
[EventCountry "GRE"]
[SourceTitle "EXT 2024"]
[Source "ChessBase"]
[SourceDate "2023.10.10"]
[SourceVersion "1"]
[SourceVersionDate "2023.10.10"]
[SourceQuality "1"]

1. d4 d5 2. c4 e6 3. Nc3 Nf6 4. Nf3 Bd6 5. c5 Be7 6. Bf4 Nc6 7. Nb5 0-0 8. Nxc7 Rb8 9. Nxe6 fxe6 10. Bxb8 Nxb8 11. Ne5 Qe8 12. e3 b6 13. b4 b5 14. a4 bxa4 15. Qxa4 Qxa4 16. Rxa4 a6 17. Bd3 Kh8 18. 0-0 Bd7 19. Ra3 Be8 20. Rb1 Bh5 21. Bxa6 Nxa6 22. Rxa6 Rc8 23. Rxe6 Bf8 24. Rc6 Ra8 25. b5 Be8 26. Rc7 Rb8 27. b6 Bf7 28. Nxf7+ Kg8 29. b7 h6 30. Rc8 Rxc8 31. bxc8Q Kh7 32. Qxf8 Kg6 33. Ne5+ Kf5 34. Qxg7 Nd7 35. Qg6# 1-0

[Event "Crete Poa op"]
[Site "Crete"]
[Date "2012.04.28"]
[Round "5"]
[White "Sbokos, Emmanouil"]
[Black "Thomakis, Nikolaos"]
[Result "0-1"]
[WhiteElo "1005"]
[BlackElo "1498"]
[PlyCount "68"]
[EventDate "2012.04.26"]
[EventType "swiss"]
[EventRounds "7"]
[EventCountry "GRE"]
[SourceTitle "EXT 2024"]
[Source "ChessBase"]
[SourceDate "2023.10.10"]
[SourceVersion "1"]
[SourceVersionDate "2023.10.10"]
[SourceQuality "1"]

1. e4 c5 2. Nf3 Nc6 3. Bc4 d6 4. d3 e6 5. Nc3 Be7 6. 0-0 a6 7. Be3 Nf6 8. a3 b5 9. Ba2 Bb7 10. Ne2 Qc7 11. Rb1 Rd8 12. b3 0-0 13. c4 bxc4 14. bxc4 Ng4 15. Bf4 f5 16. exf5 Rxf5 17. Ng3 Rxf4 18. Qc2 Ba8 19. Qb2 Rb8 20. Qc3 Bf6 21. Qe1 Nge5 22. Nxe5 Nxe5 23. Rxb8+ Qxb8 24. Qd2 Rd4 25. Rb1 Qc7 26. f3 Rxd3 27. Qb2 Nxf3+ 28. gxf3 Bxb2 29. Rxb2 Bxf3 30. Rf2 Rd1+ 31. Nf1 Qf7 32. h4 Qg6+ 33. Kh2 Rxf1 34. Rxf1 Qg2# 0-1